000 00622nam a2200205 4500
001 109129
003 ES-MaACL
005 20250727030121.0
007 t|
008 061121s1959 sp r ||||1| spa d
100 1 _aOliver Brachfeld, F.
_986832
245 1 4 _aLos sentimientos de inferioridad /
_cF. Oliver Brachfeld.
250 _a[3ª ed. refund. y aum.].
260 _aBarcelona :
_bLuis Miracle,
_c1959.
300 _a574 p. ;
_c22 cm.
490 1 _aBiblioteca de antropología ;
_v20
830 0 _aBiblioteca de antropología
_v20
_9180743
852 _aES-MaACL
_jC-16102
_bR.44148
999 _c109129
_d109129